00516nam a2200169Ia 450000500170000000800410001702000180005808200130007610000180008924500220010726000340012930000170016350000480018094200060022895200970023499900150033120250616002226.0240331s9999 xx 000 0 und d a9789555044240 bRANa306 aRanasinghe, N 0aWedenawe Diyaniyo bPublished by the authorc2013 aXi, 64 p ., aA slogan Condemning violence against Women cL 001040708LaWERCLbWERCLcSSCd2024-03-31l0o 306.8 RANp6791r2024-03-31w2024-03-31yL c5832d5832